Statistiques concernant Logos de Jeux Vidéos

Cliquez ici pour prendre le quiz!

Statistiques générales

  • Ce quiz a été pris 457 fois
  • Le résultat moyen est 14 sur 20

Statistiques - réponses

Réponse% Correct
Grand Theft Auto 5
94%
Rocket League
94%
League of Legends
90%
Les Sims
89%
Minecraft
88%
Overwatch
88%
Assassin's Creed
81%
World of Warcraft
81%
Counter Strike
77%
The Legend of Zelda
76%
Valorant
75%
Super Smash Bros
73%
Animal Crossing
70%
Fallout
65%
Plants VS Zombies
57%
God of War
53%
Forza
46%
EA Sports FC
32%
Call of Duty
23%
Need For Speed
12%

Distribution des résultats

Percentile par nombre de réponses

% des personnes avec chaque résultat

Votre développement - résultats

Vous n’avez pas pris ce quiz